| 000 | 00468nam a2200181 a 4500 | ||
|---|---|---|---|
| 001 | 30601 | ||
| 005 | 20180713233839.0 | ||
| 008 | 140415s2008 000 0 spa d | ||
| 020 | _a9789681343910 | ||
| 041 | _aspa | ||
| 082 |
_a338.2728972 _bPAZ |
||
| 100 | 1 | _aPAZOZ, LUIS | |
| 245 | 1 | 4 | _aLOS DUEÑOS DE PEMEX DEL SAQUEO A LA REFORMA |
| 250 | _a1ª EDICIÓN | ||
| 260 |
_a[s.l.] : _bDIANA, _c2008 |
||
| 300 |
_a150 _c14 x 1 x 22 |
||
| 520 | _aRP | ||
| 999 |
_c30601 _d30601 |
||